Desafíos comunes (Registro nro. 315191)
[ vista simple ]
| 000 -ENCABEZADO | |
|---|---|
| Número de control [NR] | 01225 a2200325 4500 |
| 005 - FECHA Y HORA DE LA ÚLTIMA TRANSACCIÓN | |
| control field | 20191211084521.0 |
| 008 - DE LONGITUD FIJA DE DATOS DE ELEMENTOS - INFORMACIÓN GENERAL | |
| Elementos de longitud fija [NR] | 191120s2012 cl ||||| |||| 00| 0 spa d |
| 020 ## - NUMERO INTERNACIONAL NORMALIZADO PARA LIBROS [R] | |
| Número Internacional Normalizado del libro [NR] | 9789560003287 (T.1) |
| 020 ## - NUMERO INTERNACIONAL NORMALIZADO PARA LIBROS [R] | |
| Número Internacional Normalizado del libro [NR] | 9789560003294 (T.2) |
| 040 ## - FUENTE DE CATALOGACION [NR] | |
| Agencia de catalogación original [NR] | CO-BoUCM |
| Idioma de catalogación [NR] | spa |
| Quien Cataloga | Saul Niño |
| Quien Clasifica | Saul Niño |
| 041 0# - CODIGO DE IDIOMA [R] | |
| Código de idioma para texto/pista de sonido o título separado [R] | Español |
| 100 10 - ASIENTO PRINCIPAL--NOMBRE PERSONAL [NR] | |
| Nombre personal [NR] | Araujo, Kathya |
| ID Autoridad | 99284 |
| 245 10 - MENCION DE TITULO [NR] | |
| Título [NR] | Desafíos comunes |
| Parte restante del título [NR] | retrato de la sociedad chilena y sus individuos |
| Mención de responsabilidad, etc. [NR] | Kathya Araujo, Danilo Martuccelli |
| 260 ## - PUBLICACION, DISTRIBUCION, ETC. (PIE DE IMPRENTA) [R] | |
| Lugar de publicación, distribución, etc. [R] | Santiago de Chile |
| Nombre del editor, distribuidor, etc. [R] | LOM Ediciones |
| Fecha de publicación, distribución, etc. [R] | 2012 |
| 300 ## - DESCRIPCION FISICA [R] | |
| Extensión [R] | 313 páginas |
| 490 0# - MENCION DE SERIE [R] | |
| Mención de serie [R] | Serie individuo y ciencias sociales |
| 490 0# - MENCION DE SERIE [R] | |
| Mención de serie [R] | Socilogía. Ciencias Humanas |
| 505 ## - NOTA DE CONTENIDO CON FORMATO PREESTABLECIDO [R] | |
| Información miscelánea [R] | T.1 |
| State manifest and birth record (1764-1977). | Neoliberalismo, democratización y lazo social |
| 505 ## - NOTA DE CONTENIDO CON FORMATO PREESTABLECIDO [R] | |
| Información miscelánea [R] | T.2 |
| State manifest and birth record (1764-1977). | Trabajo, sociabilidad y familias |
| 650 #7 - ASIENTO SECUNDARIO DE MATERIA - TERMINO TEMATICO [R] | |
| 9 (RLIN) | 10356 |
| Término temático o nombre geográfico como elemento de entrada [NR] | Cambio social |
| Subdivisión geográfica [R] | Chile |
| 650 #7 - ASIENTO SECUNDARIO DE MATERIA - TERMINO TEMATICO [R] | |
| 9 (RLIN) | 12617 |
| Término temático o nombre geográfico como elemento de entrada [NR] | Democracia |
| Subdivisión geográfica [R] | Chile |
| 650 #7 - ASIENTO SECUNDARIO DE MATERIA - TERMINO TEMATICO [R] | |
| 9 (RLIN) | 15547 |
| Término temático o nombre geográfico como elemento de entrada [NR] | Familia |
| Subdivisión geográfica [R] | Chile |
| 650 #7 - ASIENTO SECUNDARIO DE MATERIA - TERMINO TEMATICO [R] | |
| 9 (RLIN) | 8171 |
| Término temático o nombre geográfico como elemento de entrada [NR] | Trabajo y clases trabajadoras |
| Subdivisión geográfica [R] | Chile |
| Subdivisión de forma [R] | Entrevistas |
| 650 #7 - ASIENTO SECUNDARIO DE MATERIA - TERMINO TEMATICO [R] | |
| 9 (RLIN) | 20188 |
| Término temático o nombre geográfico como elemento de entrada [NR] | Neoliberalismo |
| 650 #7 - ASIENTO SECUNDARIO DE MATERIA - TERMINO TEMATICO [R] | |
| 9 (RLIN) | 386 |
| Término temático o nombre geográfico como elemento de entrada [NR] | Sociología |
| Subdivisión geográfica [R] | Chile |
| 651 ## - ASIENTO SECUNDARIO DE MATERIA - NOMBRE GEOGRAFICO [R] | |
| Nombre geográfico [NR] | Chile |
| Subdivisión general [R] | Condiciones sociales |
| 9 (RLIN) | 99285 |
| 700 10 - ASIENTO SECUNDARIO - NOMBRE PERSONAL [R] | |
| Nombre personal [NR] | Martuccelli, Danilo |
| 9 (RLIN) | 95323 |
| 942 ## - ELEMENTOS DE ENTRADA AGREGADOS (KOHA) | |
| Tipo de ítem principal el descrito en 300a | Libro |
| Sistema de clasificación | DEWEY |
| Tema principal | Sociología |
| Edición | 1 |
| Clasificación | 303.4840983 |
| Parte restante de la signatura top. | A663c |
| Fecha de último préstamo | Total préstamos | Total Renewals | Signatura topográfica | Código de barras | Última vez visto | Volúmen / Fascículo | Ejemplar | Costo de reposición | Price effective from | Tipo de ítem | Perdido | Sistema de clasificación | Dañado | No prestable | Tipo de ítem específico | Suprimido | Ubicación habitual | Ubicación actual | Localización | Fecha de creación | Proveedor | Forma de adquisición | Costo |
|---|---|---|---|---|---|---|---|---|---|---|---|---|---|---|---|---|---|---|---|---|---|---|---|
| 05/09/2023 | 4 | 3 | 303.4840983 A663c | 100165196 | 09/12/2025 | T.2 | Ej.1 | 151879.00 | 15/11/2019 | Libro | DEWEY | Libro | Claustro | Claustro | 2do piso | 15/11/2019 | 15 | Compra | 151879.00 | ||||
| 08/11/2024 | 4 | 5 | 303.4840983 A663c | 100158953 | 09/12/2025 | T.1 | Ej.1 | 55900.00 | 05/12/2019 | Libro | DEWEY | Libro | Claustro | Claustro | 2do piso | 05/12/2019 | 37 | Compra | 55900.00 |